| 000 | 01137cpcaa2200301 a 4500 | ||
|---|---|---|---|
| 001 | mm 93082570 | ||
| 003 | DLC | ||
| 005 | 20260227111724.0 | ||
| 008 | 931118|||||||||||| eng | ||
| 010 | _amm 93082570 | ||
| 040 |
_aDLC _cDLC _edacs _dDLC |
||
| 072 | 7 |
_aW _2lcmd |
|
| 100 | 1 | _aNash, Edwin R. | |
| 245 | 0 | 0 |
_aEdwin R. Nash diary, _f1865. |
| 300 |
_a1 _fitem. |
||
| 506 | 0 | _aOpen to research. | |
| 520 | 8 | _aDiary (1865 circa August 2-September 26) kept by Nash while a member of the Powder River Expedition against the Dakota Indians in Wyoming and Montana. | |
| 545 | 0 | _aArmy officer. Later, a hotel owner in Rixford, Pa. | |
| 546 | _aCollection material in English. | ||
| 651 | 0 |
_aDakota Indians _zMontana. |
|
| 651 | 0 |
_aDakota Indians _zWyoming. |
|
| 650 | 0 |
_aDakota Indians _xWars, 1862-1865. |
|
| 650 | 0 |
_aIndians of North America _xWars _y1862-1865. |
|
| 650 | 0 | _aPowder River Expedition, 1865. | |
| 656 | 7 |
_aArmy officers. _2itoamc |
|
| 999 |
_c44286 _d44286 |
||